Teoría y problemas de química orgánica (Registro nro. 338)

Detalles MARC
000 -CABECERA
campo de control de longitud fija 00524am a2200205a 44500
005 - FECHA Y HORA DE ACTUALIZACIÓN
campo de control 20160510160751.0
008 - LONGITUD FIJA
campo de control de longitud fija 150724b xxu||||| |||| 00| 0 spa d
041 ## - IDIOMA
Código de idioma del texto/pista de sonido o título separado
082 ## - CLASIFICACIÓN DECIMAL DEWEY
Número de clasificación 547.1
Número de documento/Ítem M515t
100 ## - AUTOR PERSONAL
Nombre de persona Meislich, Herbert
100 ## - AUTOR PERSONAL
Nombre de persona Nechamkin, Howard
100 ## - AUTOR PERSONAL
Nombre de persona Sharefkin, Jacob
245 ## - TÍTULO PROPIAMENTE DICHO
Título Teoría y problemas de química orgánica
260 ## - PIE DE IMPRENTA
Lugar de publicación, distribución, etc. México
260 ## - PIE DE IMPRENTA
Nombre del editor, distribuidor, etc. McGraw-Hill
260 ## - PIE DE IMPRENTA
Fecha de publicación, distribución, etc. 1978
300 ## - DESCRIPCIÓN FÍSICA
Extensión 472 páginas
650 ## - Materia General
Materia general QUIMICA ORGANICA
942 ## - Punto de Acceso Adicional Koha
Tipo de ítem Koha Libro
Existencias
Estado perdido Estado dañado No para préstamo Biblioteca permanente Biblioteca actual Signatura completa Código de barras Precio efectivo a partir del Tipo de ítem
      Departamento de Biblioteca y Documentación Alfonso Chase Brenes Departamento de Biblioteca y Documentación Alfonso Chase Brenes 547.1 M515t 1008 10/05/2016 Libro